Arxiu Municipal de la Nou de Berguedà
Descripción Física:
1 f. plegat en 4 parts : 19 x 15 cm
Materias:
Arxius municipals (La Nou de Berguedà)
MARC
| LEADER | 00000nam a2200000Ia 4500 | ||
|---|---|---|---|
| 001 | 23659 | ||
| 008 | 160829s2013 xx 000 0 cat d | ||
| 080 | |a FU-61-88 | ||
| 245 | |a Arxiu Municipal de la Nou de Berguedà | ||
| 260 | |a Barcelona : |b Diputació de Barcelona. Àrea de Coneixement i Noves Tecnologies, |c 2013 | ||
| 300 | |a 1 f. plegat en 4 parts : |b 19 x 15 cm | ||
| 650 | |a Arxius municipals (La Nou de Berguedà) |9 49423 | ||
| 710 | 2 | |a Xarxa d'Arxius Municipals de la Diputació de Barcelona |9 52756 | |
| 710 | 1 | |a Barcelona (Catalunya : Província). |b Àrea de Coneixement i Noves Tecnologies |9 53062 | |
| 901 | |a Arxiu | ||
| 942 | |n 1 | ||
| 952 | |0 0 |1 0 |4 0 |6 FU6188 |7 1 |9 55322 |a Arxiu |b Arxiu |d 2016-12-01 |l 0 |o FU-61-88 |p 23659 |r 2016-12-01 00:00:00 |w 2016-12-01 |y ARXIU | ||
| 999 | |c 59195 |d 59195 | ||